00461nam a2200157Ia 4500008004100000020001400041082001500055100001700070245008000087250000700167260004000174300002500214500000700239600003300246650002400279240925s9999 xx 000 0 und d a718870123 a796.35 FRI aFrith, David 0aEnglan versus Australia: a pictorial history of the test matches since 1877 aNA aLondon:bLutter Worth Pressc,1977. a184p.bN.AfOriginal aNA aHumanities & Natural Science aArts and Recreation